000 00345nam a2200133Ia 4500
008 220120s9999||||xx |||||||||||||| ||und||
020 _a9780070086814
100 _aBrey, Barry B
245 0 _aIntel microprocessor
250 _a7th
260 _aPrentice-hall of india
_bNew Delhi
_c2006
300 _axix;304
_b340
650 _aCOMPUTER SCIENCE
999 _c132452
_d132452